Guess The Actor By Their Horror Movies - Statistics

General Stats
  • This quiz has been taken 50 times
  • The average score is 7 of 20
Answer Stats
Horror Movies Actor % Correct
The Lighthouse, American Psycho, Antichrist Willem Dafoe
76%
Scream VI, X, Beetlejuice Beetlejuice Jenna Ortega
71%
Mandy, Willy’s Wonderland, Longlegs Nicolas Cage
71%
Zombieland, Vivarium, Cursed Jesse Eisenberg
56%
The Thing, Bone Tomahawk, Planet Terror Kurt Russell
56%
Split, It: Chapter Two, The New Mutants James McAvoy
51%
Life, Blade: Trinity, The Amityville Horror (2005) Ryan Reynolds
44%
The Babysitter, Mayhem, Ready Or Not Samara Weaving
44%
The Evil Dead, Black Friday, Maniac Cop Bruce Campbell
42%
Insidious, The Conjuring, In The Tall Grass Patrick Wilson
42%
The Thing (2011), Final Destination 3, 10 Cloverfield Lane Mary Elizabeth Winstead
27%
Saw, The Call, 12 Feet Deep Tobin Bell
27%
Brightburn, Slither, The Uninvited Elizabeth Banks
22%
Scream, Tremors 5: Bloodlines, Trick Jamie Kennedy
22%
House on Haunted Hill, House of Wax, The Fly Vincent Price
22%
Texas Chainsaw 3D, We Summon The Darkness, The Attic Alexandra Daddario
16%
Doom, Ghost Ship, Priest Karl Urban
11%
Before I Wake, Doctor Sleep, The Predator Jacob Tremblay
4%
Get Out, The Purge: Anarchy, Death Note LaKieth Stanfield
2%
Last Phases, Halloween II, Jaws: The Revenge Lance Guest
2%
No matching quizzes found
Score Distribution
Percent of People with Each Score
Percentile by Number Answered
Your Score History
You have not taken this quiz